000 00298nam a22001337a 4500
008 170322b xxu||||| |||| 00| 0 eng d
020 _a0881677094
041 _aeng
080 _a616.8
100 _a7
101 _aSHM
245 _aMRI: PRINCIPLES AND ARTIFACTS
_cHENDRICK, R.E
942 _2udc
_cBK
999 _c8395
_d8395